000 00626nam a22001697a 4500
020 _qHard Cover.
082 _a200
100 _aMuhammad Faraz Khan
245 _aOptimization of machining parameters for ADC10 Aluminium Alloy using Taguchi Approach /
_cKhan Muhammad Faraz
260 _aKarachi :
_bPNEC - NUST,
_c2013.
300 _axi, 42 p. : ill. ;
_c30cm.
650 _aMS-Industrial & Manufacturing Engineering
_9127273
700 _aSupervisor. Salman Nisar.
_9127276
856 _uhttp://10.250.8.41:8080/xmlui/handle/123456789/22346
942 _2ddc
_cSC
999 _c535477
_d535477